| 000 | 00569nab a2200193 a 4500 | ||
|---|---|---|---|
| 005 | 20210219155916.0 | ||
| 008 | 991125s1985 mx 000 0 spa u | ||
| 035 | _aUPN01000154771 | ||
| 100 | 1 | _aOropeza Sandoval, Luciano | |
| 222 | _aLA TAREA | ||
| 245 | _a¿ Cómo evaluar a los desiguales ? : el caso de las maestrías en educación en Jalisco | ||
| 260 | _aGuadalajara, México | ||
| 300 | _a89-91 | ||
| 362 | 0 | _a2006 No. 13, sept. | |
| 653 | 0 | _aMAESTRIA EN EDUCACION | |
| 653 | 0 | _aEVALUACION EDUCATIVA | |
| 653 | 0 | _aPRACTICA DOCENTE | |
| 905 | _aArticulo | ||
| 999 |
_c126887 _d126887 |
||